000 00289nam a2200121Ia 4500
008 190216s9999||||xx |||||||||||||| ||und||
100 _aJoseph C A
245 0 _aKaveri (selected Poems)
260 _bNational Book Trust India
_c1969
300 _a252p
650 _aKavithkal
942 _cBK
999 _c24927
_d24927